Un día cualquiera en Nueva York /

Uloženo v:
Podrobná bibliografie
Hlavní autor: Lebowitz, Fran (autor)
Médium: Kniha
Jazyk:španělština
Vydáno: México : Tusquets, 2023, c2023
Edice:(MaxiTusquets)
Témata:
Tagy: Přidat tag
Žádné tagy, Buďte první, kdo vytvoří štítek k tomuto záznamu!

MARC

LEADER 00000nam^a2200000^a^4500
001 000578309
005 20260323205546.0
009 20260407174730.835
020 |a 978-607-39-0282-3 
037 |a Acervo ITESO - Biblioteca 
041 |a ESP 
082 |a 814.  |b LEB 
100 |a Lebowitz, Fran  |e (autor) 
245 1 3 |a Un día cualquiera en Nueva York /  |c F. Lebowitz ; tr. por A. Cardín, J.L. Guarner. 
264 4 |a México :  |b Tusquets,  |c 2023, c2023 
300 |a 361 p. 
336 |a texto  |b txt  |2 rdacontenido 
337 |a sin mediación  |b n  |2 rdamedio 
338 |a volumen  |b nc  |2 rdasoporte 
440 1 |a (MaxiTusquets) 
500 |a Traducción de: Metropolitan Life 
500 |a Traducción de: Social Studies 
521 |a FIL 2023 DIA 
649 |a XX 
650 |a Judíos en EUA -  |x Condiciones Sociales y Culturales 
650 |a Artículos Periodísticos Norteamericanos 
650 |a Ensayos Norteamericanos 
650 |a Humor -  |z EUA 
650 |a Literatura Judía -  |z EUA 
650 |a Literatura y Periodismo -  |z EUA 
650 |a Literatura y Sociedad -  |z EUA 
650 |a Literatura Norteamericana -  |y Siglo XX 
650 |a Cultura Urbana -  |z Nueva York, EUA (Ciudad) 
650 |a Nueva York, EUA (Ciudad) en la Literatura 
650 |a Nueva York, EUA (Ciudad) -  |x Condiciones Sociales y Culturales -  |x Anécdotas y Chistes 
650 |a Nueva York, EUA (Ciudad) -  |x Condiciones Sociales y Culturales -  |x Tema Principal 
740 0 |a Vida metropolitana /  |c F. Lebowitz ; tr. por A. Cardín. 
740 0 |a Ciencias sociales /  |c F. Lebowitz ; tr. por J.L. Guarner. 
910 |a Fondo General 
920 |a Impresos - Libros 
930 |a Colección General 
940 |a Literatura 
905 |a 101 
901 |a 0500403258  |b IT1  |c LIT  |i C184248  |u 20250521 
902 |a https://opac.biblio.iteso.mx/vufind/Record/000578309